1329 1948 1982 1828 1105 1090 1273 1865 1276 1266 1187 1003 1722 1256 1903 1658 1469 1009 1471 1361 1795 1625 1565 1378 1918 1306 1565 1415 1828 1193 1788 1963 1457 1706 1808 1506 1518 1672 1620 1924 1694 1644 1540 1545 1730 1097 1590 1774 1031 1975 1547 1442 1611 1148 1163 1770 1302 1115 1472 1209 1398 1720 1366 1034 1973 1237 1490 1585 1794 1333 1805 1815 1515 1949 1590 1188 1464 1977 1400 1228 1021 1894 1145 1613 1211 1896 1048 1123 1641 1550 1229 1219 1646 1524 1207 1419 1218 1741 1791 BCNSPRNW ULIB Ver.6.0+V

เปลี่ยนเป็นภาษาไทย

Change to English
 แสดงรายละเอียดบรรณานุกรม
  กลับหน้าหลัก

Brief Record : Get Marc (ISO 2709) : E-mail record : QR code < ปิดหน้าต่าง
LEADER : 00000nam 2200000uu 4500
001    13399111600
003     ULIB
008    110627s||||||||th 000 0 tha d
020    9789748388977
090    นว.^bว633ย 2553
100 0  วินุตตา
245 00 ยอดปรารถนา/^cวินุตตา
250    พิมพ์ครั้งที่ 1
260    กรุงเทพฯ :^bอินเลิฟ,^c2553
300    323 หน้า
945    ^p199^l0^i028045
995    ทศพร
999 ^a ใช้งานได้ทุกระบบ
รายการนี้ยังไม่มีแท็ก
คุณยังไม่ได้ล็อกอิน คุณสามารถมีกิจกรรมร่วมกับเว็บไซต์ได้ แต่ต้องล็อกอินก่อน ::
  ล็อกอิน

รายการสื่อสารสนเทศ

ลำดับที่ ประเภท เลขเรียก/บาร์โค้ด สถานที่ สถานะ
- ไม่พบข้อมูล -

รายการใกล้เคียง
    ผู้แต่ง [วินุตตา]

BibComment


ยังไม่เคยถูกคอมเมนท์

คอมเมนท์ทรัพยากรรายการนี้
  คอมเมนท์: ยอดปรารถนา วินุตตา


 Copyright 2026. Bcnsprnw @Library